000 00392nam a22001577a 4500
005 20160914171505.0
008 160914b xxu||||| |||| 00| 0 eng d
020 _a81-7409-047-9
041 _aeng
100 _aGarg,Santosh Kumar
_93537
245 _aIrrigation Engineering and Hydraulic Structure
260 _b2016
_cKhanna
300 _a1274
650 _aEngineering
_93538
942 _cBK
999 _c5233
_d5231